000 00280nam a2200121 i 4500
001 bg
245 0 _aSbornik referatov po aerozoljam.
_nT.1,
_pPolutom 2.
260 _aMoskva,
_c1971.
040 _cBPK
041 _apol
942 _cKS
008 s pl f |000 0 pol
999 _c13761
_d13761
856 _uhttp://koha.tu.koszalin.pl/cgi-bin/koha/opac-detail.pl?biblionumber=13761
_yKatalog online BPK